000 00727nam a22002297a 4500
003 UA-OsUOA
001 114802
007 ta
008 20151123b un ||||| |||| 00| 0 ukr d
100 _aЮськів Б.М.
700 _aПляшко О.С.
090 _a330(477)
_bЮ91
942 _cSA
040 _aUA-OsUOA
_bukr
_cUA-OsUOA
_dUA-OsUOA
245 _aРейтинговання регіонів України за конкурентоспроможністю людських ресурсів
300 _aС.61-73
955 _a0
041 _aukr
080 _a330(477)
773 0 _w114799
_tРегіональна економіка
_dЛьвів
_d2015
_g3
650 7 _a330 Економіка взагалі
_2UDC
999 _c400994
_d400994